000 00280 a2200121 4500
001 71586
082 _b005.268 BRO
090 _c38783
_d38783
100 _aBronson, Gary J
245 _aFirst Course Book of Visual C++
260 _aAustralia
_bVikas
_c2000
300 _a993p.
942 _aCAE NUST
_k005.268 BRO
999 _c306659
_d306659